000 00318nam a2200121Ia 4500
005 20250409181342.0
008 250409s9999||||xx |||||||||||||| ||und||
100 _aCHANDRASEKHAR , NARAYANAN
245 0 _aSAVAMTHEENIKALUDE KASAPPU
260 _bCURRENT BOOKS,
_aKOTTAYAM:
650 _vMalayalam Fiction
942 _cBOOK
999 _c17412
_d17412